| 000 | 01012nam a22002417a 4500 | ||
|---|---|---|---|
| 005 | 20240530110542.0 | ||
| 008 | 160515s2013 ku g b 000 0 ara d | ||
| 017 |
_a2013/4/1190 _bالكويت . دائرة المكتبة الوطنية |
||
| 020 | _a9789957172053 | ||
| 040 | _aEG-CaGPL | ||
| 082 | 0 | 4 |
_221 _a411\ _bع ك |
| 100 | 0 | _aعبدالقادر شريف ابوشريفة . | |
| 245 | 1 | 2 |
_aالكتابة الوظيفية : _bمنهج جديد فى فن الكتابة و التعبير / _cعبدالقادر شريف ابوشريفة . |
| 250 | _aط.1 | ||
| 260 |
_aالكويت : _bمكتبة الفلاح للنشر و التوزيع ، _c2013 . |
||
| 300 |
_a234 ص ؛ _c24 سم . |
||
| 490 | 0 | _aسلسلة المهارات فى اللغة العربية | |
| 504 | _aيشتمل على ارجاعات ببليوجرافية . | ||
| 650 | 0 | 4 |
_aاللغة العربية _xالكتابة . |
| 650 | 0 | 4 | _aالتعبير . |
| 942 |
_2ddc _cBK |
||
| 999 |
_c62279 _d62279 |
||